000 01144nam a2200277 i 4500
001 186253
003 SpMaBN
005 20231203112342.0
008 160928s2003 sp fo |||| | spa d
020 _a84-930099-2-X
080 _a94(567)"2003"
080 _a341.322.5(567)
245 0 0 _aCrímenes de guerra
_b: ataques contra población civil de Bagdad /
_ccon textos de Paz Andrés Sáenz de Santamaría, Santiago Alba Rico y Javier Couso Permuy.
260 _aMadrid :
_bComité de Solidaridad con la Causa Árabe,
_c2003.
300 _a88 p., VIII p. de lám. fot. col. ;
_c21 cm.
650 7 _aGuerra de Irak, 2003.
_913187
650 7 _aCrímenes de guerra-
_zIrak.
_9160996
700 1 _aAndrés Sáenz de Santa María, Paz.
_9125669
700 1 _aAlba Rico, Santiago.
_919206
700 1 _aCouso Permuy, Javier.
_9160997
710 2 _aComité de Solidaridad con la Causa Árabe.
_93079
852 _aES-MaACL
_jA-13863
_9193308
_bR.151150
_cDEPO1
_dOlim: N-6863
_hDonación: Santiago González-Varas Ibáñez
903 _9160818
_aGonzález-Varas Ibáñez, Santiago
_ednr
942 _2udc
_cMONOGRAFIA
999 _c186253
_d186253